Minecraft Items: Slabs - Statistics

General Stats
  • This quiz has been taken 48 times
  • The average score is 34 of 61
Answer Stats
Answer % Correct
Oak Slab
97%
Dark Oak Slab
92%
Birch Slab
86%
Jungle Slab
83%
Acacia Slab
81%
Cobblestone Slab
81%
Stone Slab
81%
Spruce Slab
78%
Pale Oak Slab
75%
Warped Slab
75%
Cherry Slab
72%
Crimson Slab
72%
Stone Brick Slab
72%
Blackstone Slab
69%
Granite Slab
69%
Smooth Stone Slab
69%
Bamboo Slab
67%
Diorite Slab
67%
Mangrove Slab
67%
Nether Brick Slab
64%
Andesite Slab
61%
Polished Diorite Slab
61%
Quartz Slab
61%
Sandstone Slab
61%
Cut Copper Slab
58%
Polished Andesite Slab
58%
Red Sandstone Slab
58%
Brick Slab
56%
Mossy Cobblestone Slab
56%
Polished Granite Slab
56%
Prismarine Slab
56%
Purpur Slab
56%
Cobbled Deepslate Slab
53%
Deepslate Brick Slab
53%
Polished Deepslate Slab
53%
End Stone Brick Slab
50%
Polished Blackstone Slab
50%
Tuff Slab
50%
Waxed Cut Copper Slab
50%
Dark Prismarine Slab
47%
Smooth Sandstone Slab
47%
Waxed Weathered Cut Copper Slab
47%
Weathered Cut Copper Slab
47%
Mossy Stone Brick Slab
44%
Red Nether Brick Slab
44%
Smooth Quartz Slab
44%
Oxidized Cut Copper Slab
42%
Smooth Red Sandstone Slab
42%
Waxed Oxidized Cut Copper Slab
42%
Exposed Cut Copper Slab
39%
Tuff Brick Slab
39%
Waxed Exposed Cut Copper Slab
39%
Deepslate Tile Slab
36%
Prismarine Brick Slab
36%
Cut Sandstone Slab
31%
Polished Tuff Slab
31%
Cut Red Sandstone Slab
28%
Polished Blackstone Brick Slab
28%
Mud Brick Slab
22%
Bamboo Mosaic Slab
19%
Resin Brick Slab
17%
No matching quizzes found
Score Distribution
Percent of People with Each Score
Percentile by Number Answered
Your Score History
You have not taken this quiz